[Event "GER-ch U16 Girls"]
[Site "Oberhof"]
[Date "2011.06.15"]
[Round "6"]
[White "Berger, Nadja"]
[Black "Serif, Amelie"]
[Result "0-1"]
[WhiteElo "1730"]
[BlackElo "1475"]
[PlyCount "84"]
[EventDate "2011.06.11"]
[EventType "swiss"]
[EventRounds "9"]
[EventCountry "GER"]
[SourceTitle "CBM 142 Extra"]
[Source "ChessBase"]
[SourceDate "2011.06.27"]
[SourceVersion "1"]
[SourceVersionDate "2011.06.27"]
[SourceQuality "1"]

1. b3 c5 2. Bb2 Nf6 3. e3 g6 4. g4 h6 5. Be2 d5 6. d3 Bg7 7. Nd2 Nc6 8. Nf1 e5 9. h4 Be6 10. f4 Nd7 11. Ng3 Nb6 12. Kd2 d4 13. Kc1 Nd5 14. exd4 exd4 15. f5 Ne3 16. Qe1 Bd5 17. Bf3 Bxf3 18. Nxf3 Qe7 19. fxg6 fxg6 20. Ne4 0-0-0 21. Qg3 Rhf8 22. Re1 Qf7 23. Nfd2 Qd7 24. Nxc5 Qd5 25. Nde4 Be5 26. Qh3 Kb8 27. g5 hxg5 28. hxg5 Rf5 29. Qh7 Nb4 30. Qxg6 Nbxc2 31. Qxf5 Nxf5 32. Kxc2 b6 33. Na4 Rc8+ 34. Kd2 Bf4+ 35. Ke2 Ng3+ 36. Kf3 Nxe4 37. Rxe4 Bxg5 38. Bxd4 Qf5+ 39. Kg3 Rf8 40. Be5+ Kb7 41. Rae1 Qf3+ 42. Kh2 Rf7 0-1

[Event "GER-ch U16 Girls"]
[Site "Oberhof"]
[Date "2011.06.14"]
[Round "5"]
[White "Freis, Katrin"]
[Black "Berger, Nadja"]
[Result "0-1"]
[WhiteElo "1379"]
[BlackElo "1730"]
[PlyCount "54"]
[EventDate "2011.06.11"]
[EventType "swiss"]
[EventRounds "9"]
[EventCountry "GER"]
[SourceTitle "CBM 142 Extra"]
[Source "ChessBase"]
[SourceDate "2011.06.27"]
[SourceVersion "1"]
[SourceVersionDate "2011.06.27"]
[SourceQuality "1"]

1. e4 c5 2. Nf3 g6 3. d4 cxd4 4. Nxd4 Bg7 5. Nc3 Nc6 6. Nf3 Nf6 7. Bc4 0-0 8. 0-0 d6 9. Bf4 a6 10. e5 Nh5 11. Bg5 Nxe5 12. Nxe5 Bxe5 13. Nd5 Nf6 14. Nxf6+ exf6 15. Bh4 Qb6 16. Rb1 Qb4 17. Qe2 d5 18. c3 Qxc4 19. Qxc4 dxc4 20. f4 Bd6 21. Bxf6 Bc5+ 22. Bd4 Bxd4+ 23. cxd4 Bf5 24. Rbc1 Bd3 25. Rfd1 Rfd8 26. b3 b5 27. bxc4 bxc4 0-1